Factores del desarrollo económico / (Registro nro. 37972)

Detalles MARC
000 -LEADER
campo de control de longitud fija 00602nam a2200181 i 4500
001 - NÚMERO DE CONTROL
campo de control 37972
003 - IDENTIFICADOR DE NÚMERO DE CONTROL
campo de control ES-MaACL
005 - FECHA Y HORA DE LA ÚLTIMA TRANSACCIÓN
campo de control 20230906155655.0
007 - CAMPO FIJO DE DESCRIPCIÓN FÍSICA--INFORMACIÓN GENERAL
campo de control de longitud fija t|
008 - DATOS DE LONGITUD FIJA--INFORMACIÓN GENERAL
campo de control de longitud fija 030224s1964 sp ||||1| spa d
100 1# - ENTRADA PRINCIPAL--NOMBRE DE PERSONA
Nombre de persona Cairncross, A. K.
9 (RLIN) 33480
245 10 - MENCIÓN DEL TÍTULO
Título Factores del desarrollo económico /
Mención de responsabilidad, etc. A. K. Cairncross ; prólogo de Emilio de Figueroa ; traducción de Raimundo Poveda.
260 ## - PUBLICACIÓN, DISTRIBUCIÓN, ETC.
Lugar de publicación, distribución, etc. Madrid :
Nombre del editor, distribuidor, etc. Revista de Derecho Privado,
Fecha de publicación, distribución, etc. [1964]
300 ## - DESCRIPCIÓN FÍSICA
Extensión XX, 448 p. ;
Dimensiones 23 cm.
700 1# - ENTRADA AGREGADA--NOMBRE PERSONAL
Nombre de persona Figueroa, Emilio de.
9 (RLIN) 50780
700 1# - ENTRADA AGREGADA--NOMBRE PERSONAL
Nombre de persona Poveda, Raimundo.
9 (RLIN) 93486
852 ## - LOCALIZACIÓN
Ubicación ES-MaACL
Número de control de estantería C-25881
Sublocalización o colección R.54718
Existencias
Estatus retirado Estado de pérdida Estado de daño No para préstamo Biblioteca de origen Biblioteca actual Ubicación en estantería Fecha de adquisición Fuente de adquisición Total de préstamos Signatura topográfica completa Código de barras Visto por última vez Precio de reemplazo Tipo de ítem Koha
        Biblioteca del Ateneo de Madrid Biblioteca del Ateneo de Madrid Depósito 2 17/01/2008     C-25881 1039981 23/02/2023 23/02/2023 Libro impreso